000 01252cam a22003491a 4500
001 data
005 20260322212119.0
008 data
035 _a10395054
906 _a7
_bcbc
_ccopycat
_d1
_encip
_f20
_gy-nonroman
010 _a 72789572
035 _a(OCoLC)30045677
040 _aIXA
_beng
_cIXA
_dDLC
_dOCLCF
_dOCLCQ
_dOCLCO
_dDLC
042 _alccopycat
050 0 0 _aPN58
_b.M54
066 _c$1
100 1 _6880-01
_aMiyanishi, Kazumi,
_d1897-1976.
880 1 _6100-01/$1
_a$1!:|!X$!0!!OD(B,
_d1897-1976.
245 1 0 _6880-02
_aBungaku no tankyū :
_bbungaku gairon /
_cMiyanishi Kazumi.
880 1 0 _6245-02/$1
_a$1!BX':`i$N!A)!Fa(B :
_b$1!BX':`!EE!Y$(B /
_c$1!:|!X$!0!!OD(B.
260 _6880-03
_aTōkyō :
_bŌfūsha,
_cShōwa 45 [1970]
880 _6260-03/$1
_a$1!D&!0a(B :
_b$1KEo!E/!Na(B,
_c$1!C(!5w(B45 [1970]
300 _a348 pages :
_billustrations ;
_c19 cm
336 _atext
_btxt
_2rdacontent
337 _aunmediated
_bn
_2rdamedia
338 _avolume
_bnc
_2rdacarrier
504 _aIncludes bibliographical references.
650 0 _aLiterature.
650 7 _aLiterature.
_2fast
_0(OCoLC)fst00999953
991 _bc-GenColl
_hPN58
_i.M54 (Orien Japan)
_tCopy 1
_wPREM
999 _c1807
_d1807